[Event "7th Sunway Sitges 2020"]
[Site "Sitges ESP"]
[Date "2020.12.19"]
[Round "6.36"]
[White "Guillo Longares, Cecilia"]
[Black "Ortega Serra, Marc"]
[Result "1/2-1/2"]
[WhiteTitle "WFM"]
[WhiteElo "2089"]
[BlackElo "2288"]
[WhiteFideId "32082681"]
[BlackFideId "2293137"]
[EventDate "2020.12.13"]

1. d4 d5 2. c4 e6 3. Nc3 Nf6 4. cxd5 exd5 5. Bg5 c6 6. Qc2 Be7 7. e3 Nbd7 8. Bd3
Nf8 9. Nf3 Ne6 10. Bh4 g6 11. O-O O-O 12. Rab1 a5 13. a3 Ng7 14. b4 axb4 15.
axb4 Bf5 16. b5 Bxd3 17. Qxd3 Nf5 18. Bxf6 Bxf6 19. bxc6 bxc6 20. Qc2 Nd6 21.
Nd2 Be7 22. Na4 Ra6 23. Nc5 Ra7 24. Nd3 Qa8 25. Nb4 Rc8 26. Rfd1 Bf8 27. g3 h5
28. h4 Kh7 29. Rb3 Nf5 30. Nxd5 Ra2 31. Qc3 Rxd2 32. Nf6+ Kg7 33. Nxh5+ gxh5 34.
Qxd2 Kg8 35. Qe2 Ng7 36. Rc3 c5 37. dxc5 Qc6 38. Qc4 Ne6 39. Qe2 Ng7 40. Qc2 Ne6
41. Qf5 Ng7 42. Qg5 f6 43. Qg6 f5 44. Qg5 Ra8 45. Qf4 Kh7 46. Rc2 Rc8 47. Kh2
Kg6 48. Qg5+ Kh7 49. Qf4 Kg6 50. Qg5+ Kh7 51. Qf4 Kg6 1/2-1/2

[Event "7th Sunway Sitges 2020"]
[Site "Sitges ESP"]
[Date "2020.12.19"]
[Round "6.37"]
[White "Degardin, Sylvain"]
[Black "Donate Moreno, Silvia"]
[Result "1/2-1/2"]
[WhiteElo "2227"]
[BlackElo "1903"]
[WhiteFideId "20623070"]
[BlackFideId "24581887"]
[EventDate "2020.12.13"]

1. e4 c5 2. Nf3 d6 3. Bb5+ Nd7 4. O-O a6 5. Bd3 Ngf6 6. Re1 e6 7. c3 b5 8. a4 c4
9. Bc2 Bb7 10. d4 cxd3 11. Qxd3 Be7 12. axb5 axb5 13. Rxa8 Qxa8 14. Nbd2 Bc6 15.
Nd4 Nc5 16. Qe2 Qb7 17. b4 Na6 18. Bd3 Nc7 19. N2b3 Bd7 20. Na5 Qa6 21. Be3 O-O
22. h3 Rb8 23. Ra1 e5 24. Nf3 Qc8 25. Rc1 Qe8 26. Bc2 h6 27. Bb3 Ne6 28. Nd2 Bd8
29. Qd3 Bc7 30. Ra1 Nf4 31. Bxf4 exf4 32. Bc2 Rc8 33. Nf3 Be6 34. Nd4 Bxa5 35.
Rxa5 Bc4 36. Qf3 Qe5 37. Ra7 d5 38. exd5 Bxd5 39. Qe2 Qxe2 40. Nxe2 f3 41. Nf4
Bc4 42. gxf3 g5 43. Ng2 Bd5 44. Ra3 Bxf3 45. Ne3 Be4 46. Bb3 Kg7 47. c4 bxc4 48.
Bxc4 Rb8 49. b5 Ne8 50. f3 Bg6 51. Rb3 Nd6 52. b6 Bc2 53. Rb2 Nxc4 54. Nxc4 Bd3
55. Ne5 Ba6 56. Nd7 Rc8 57. b7 Bxb7 58. Rxb7 Rc1+ 59. Kf2 f5 60. Nc5+ Kg6 61.
Rb6+ Kh5 62. Ne6 Rc2+ 63. Ke3 Kh4 64. Nd4 Rc5 65. Rxh6+ Kg3 66. Rh5 Re5+ 67. Kd3
Kf4 68. Rh6 Re3+ 69. Kd2 Re5 70. Rf6 Kg3 71. Nxf5+ Kxf3 72. Ne3+ Kg3 73. Rh6 Ra5
74. Kd3 Ra3+ 75. Ke4 Ra4+ 76. Ke5 Ra3 77. Nf5+ Kg2 78. Rh5 Rxh3 79. Rxg5+ Kf3
80. Rg8 Kf2 81. Ke4 Ra3 82. Nd4 Ra7 83. Rf8+ Kg3 84. Rf3+ Kg2 85. Rb3 Re7+ 86.
Kf4 Rf7+ 87. Nf5 Rf8 88. Rb2+ Kh3 89. Rf2 Rg8 90. Rf3+ Kh2 91. Ke3 Rg4 92. Rf1
Kg2 93. Rf2+ Kh3 94. Rf3+ Kg2 95. Ke2 Ra4 96. Ne3+ Kh2 97. Nf1+ Kg2 98. Rg3+ Kh1
99. Ne3 Rf4 100. Ng4 Rf8 101. Ne5 Kh2 102. Rg5 Ra8 103. Nf3+ Kh3 104. Nd2 Ra2
105. Ke3 Kh4 106. Nf3+ Kh3 107. Ne5 Kh4 108. Rf5 Ra3+ 109. Nd3 Kg4 110. Rd5 Rb3
111. Ke4 Ra3 112. Nf2+ Kg3 113. Nd3 Ra4+ 114. Ke3 Kg4 115. Nf2+ Kg3 116. Ne4+
Kg4 117. Rg5+ Kh4 118. Rg8 Ra7 119. Nd6 Ra3+ 120. Kf4 Ra4+ 121. Ne4 Kh5 122. Re8
Kg6 123. Kg4 Rb4 124. Re6+ Kf7 125. Re5 Rb1 126. Ng5+ Kf8 127. Kf5 Rb6 128. Nh3
Kf7 129. Nf4 Rf6+ 130. Kg5 Ra6 131. Nd5 1/2-1/2

[Event "7th Sunway Sitges 2020"]
[Site "Sitges ESP"]
[Date "2020.12.19"]
[Round "6.38"]
[White "Perez Bolanos, David"]
[Black "Alvarez Albiol, Victor"]
[Result "0-1"]
[WhiteElo "2068"]
[BlackElo "2206"]
[WhiteFideId "24564400"]
[BlackFideId "32065930"]
[EventDate "2020.12.13"]

1. d4 Nf6 2. c4 g6 3. Nc3 Bg7 4. e4 d6 5. Nge2 O-O 6. f3 c5 7. d5 e6 8. Ng3 exd5
9. cxd5 Re8 10. Be2 Na6 11. O-O Nc7 12. Bg5 Rb8 13. a4 a6 14. Rb1 b5 15. b4 cxb4
16. Rxb4 a5 17. Rxb5 Nxb5 18. Nxb5 Qb6+ 19. Kh1 Nd7 20. Qd2 Nc5 21. Be3 Bd7 22.
Rb1 Rec8 23. Bd4 Bxd4 24. Qxd4 Nxa4 25. Qf6 Qd8 26. Qxd6 Bxb5 27. Qxd8+ Rxd8 28.
Rxb5 Rxb5 29. Bxb5 Rb8 30. Bc4 Rb1+ 31. Nf1 Nb6 32. Bd3 Rd1 33. Be2 Re1 34. Bb5
a4 35. Kg1 a3 36. Kf2 Rxf1+ 0-1

[Event "7th Sunway Sitges 2020"]
[Site "Sitges ESP"]
[Date "2020.12.19"]
[Round "6.39"]
[White "Bin-Suhayl, Ieysaa"]
[Black "Bibilashvili, Lali"]
[Result "1-0"]
[BlackTitle "WCM"]
[WhiteElo "2193"]
[BlackElo "1830"]
[WhiteFideId "429031"]
[BlackFideId "13604236"]
[EventDate "2020.12.13"]

1. Nf3 Nf6 2. c4 g6 3. g3 Bg7 4. Bg2 O-O 5. O-O d6 6. d4 Nbd7 7. Nc3 e5 8. dxe5
dxe5 9. Qc2 c6 10. e4 Qc7 11. h3 a5 12. Be3 b6 13. Rfd1 Nc5 14. Bxc5 bxc5 15.
Na4 Nd7 16. Nd2 Re8 17. Nb3 Bf8 18. h4 Rb8 19. a3 Qb7 20. Rd3 Be7 21. Rad1 Qa7
22. Qc3 f6 23. Kh2 Ra8 24. Bh3 Nf8 25. Bxc8 Rexc8 26. Qe1 Ne6 27. Rd7 Rc7 28.
Qd2 Nd4 29. Rxc7 Qxc7 30. Nxd4 cxd4 31. Qc2 c5 32. f3 Rb8 33. Kg2 Qb7 34. Rd3 f5
35. Qe2 Bd6 36. g4 fxg4 37. fxg4 Qd7 38. b3 Qe6 39. Kg3 Be7 40. g5 Kg7 41. Qg4
Qxg4+ 42. Kxg4 h6 43. gxh6+ Kxh6 44. Rf3 Kg7 45. Nb2 Rh8 46. Rh3 Rf8 47. Nd3 Bd6
48. Rh1 Rb8 49. Rb1 Rc8 50. Rh1 Rb8 51. Rb1 Rc8 52. h5 gxh5+ 53. Kxh5 Kf6 54.
Kg4 Rg8+ 55. Kf3 Rb8 56. Ke2 Rh8 57. Rf1+ Ke6 58. Kd2 Rh4 59. Re1 Be7 60. Re2
Bg5+ 61. Kc2 Be7 62. Ne1 Rh3 63. Nd3 Rg3 64. Kd2 Kd6 65. Kc2 Rg4 66. b4 cxb4 67.
c5+ Ke6 68. axb4 axb4 69. Kb3 Rg3 70. Kc4 b3 71. Rb2 Re3 72. Rxb3 Rxe4 73. Rb6+
Kd7 74. Kd5 Re3 75. Nxe5+ Rxe5+ 76. Kxe5 Bxc5 77. Rh6 d3 78. Rh3 d2 79. Rd3+ Kc6
80. Rxd2 Bf8 81. Rc2+ Kd7 82. Kd5 Ke7 83. Re2+ Kd7 84. Rf2 Ke7 85. Re2+ Kd7 86.
Re6 Kc7 87. Rf6 Ba3 88. Rc6+ Kb7 89. Rc3 Bf8 90. Rf3 Bh6 91. Rf7+ Kc8 92. Rh7
Bf4 93. Rh4 Bg3 94. Rg4 Bh2 95. Rg7 Bf4 96. Kc6 Kb8 97. Rf7 Bg3 98. Rb7+ Ka8 99.
Rf7 Bh2 100. Rh7 Bg3 101. Rg7 Bf4 102. Rf7 Bh2 103. Rf2 Be5 104. Re2 Bf4 105.
Kb6 1-0

[Event "7th Sunway Sitges 2020"]
[Site "Sitges ESP"]
[Date "2020.12.19"]
[Round "6.40"]
[White "Menac Comas, Joan Ramon"]
[Black "Tadevosyan, Aspet"]
[Result "1-0"]
[WhiteTitle "CM"]
[WhiteElo "2014"]
[BlackElo "2184"]
[WhiteFideId "2255308"]
[BlackFideId "24526134"]
[EventDate "2020.12.13"]

1. Nf3 c5 2. g3 Nc6 3. c4 g6 4. Bg2 Bg7 5. O-O e6 6. Nc3 Nge7 7. d4 Nxd4 8. Nxd4
cxd4 9. Nb5 Nf5 10. g4 a6 11. Qa4 Rb8 12. gxf5 axb5 13. Qxb5 gxf5 14. Bf4 Ra8
15. Bd6 Rg8 16. Kh1 Ra5 17. Qb4 b6 18. Rg1 Bh8 19. c5 bxc5 20. Bxc5 Be5 21. Bd6
Rb5 22. Bc6 Rg6 23. Bxb5 Bb7+ 24. f3 d3 25. Bxd3 Qa8 26. Rxg6 fxg6 27. Bxe5
Bxf3+ 28. Kg1 Bh1 29. Qb8+ 1-0

[Event "7th Sunway Sitges 2020"]
[Site "Sitges ESP"]
[Date "2020.12.19"]
[Round "6.41"]
[White "Shatil, Shir"]
[Black "Martin Barcelo, Carles"]
[Result "1/2-1/2"]
[WhiteElo "1920"]
[BlackElo "2179"]
[WhiteFideId "2828278"]
[BlackFideId "24561444"]
[EventDate "2020.12.13"]

1. d4 Nf6 2. c4 e6 3. Nc3 Bb4 4. e3 O-O 5. Bd3 d5 6. Nf3 b6 7. O-O Bb7 8. cxd5
exd5 9. a3 Bd6 10. b4 c6 11. Ne5 Nbd7 12. f4 c5 13. bxc5 bxc5 14. Nxd7 Qxd7 15.
dxc5 Bxc5 16. Na4 Be7 17. Bb2 Bc6 18. Nc5 Bxc5 19. Bxf6 gxf6 20. Qh5 Rfe8 21.
Bf5 Qb7 22. Qh6 Rxe3 23. Bxh7+ Kh8 24. Bf5+ Kg8 25. Bh7+ Kh8 26. Be4+ Kg8 27.
Bh7+ 1/2-1/2

[Event "7th Sunway Sitges 2020"]
[Site "Sitges ESP"]
[Date "2020.12.19"]
[Round "6.42"]
[White "Serrano Aspa, Xavier"]
[Black "Esplugas Esteve, Vicenc"]
[Result "0-1"]
[BlackTitle "FM"]
[WhiteElo "2061"]
[BlackElo "2319"]
[WhiteFideId "2219077"]
[BlackFideId "22200789"]
[EventDate "2020.12.13"]

1. b3 e5 2. Bb2 Nc6 3. e3 d5 4. Bb5 Bd6 5. f4 f6 6. Qh5+ g6 7. Qh4 Ne7 8. Qxf6
Rf8 9. Qg7 exf4 10. Nf3 a6 11. Bd3 Nb4 12. Qxh7 Nxd3+ 13. cxd3 Be6 14. Bg7 Rf5
15. Nd4 Rh5 16. Bh6 Qd7 17. Qg7 O-O-O 18. Bxf4 Bxf4 19. exf4 c5 20. Nf3 Qd6 21.
O-O Rg8 22. Qc3 d4 23. Qa5 Qxf4 24. Re1 Nc6 25. Qb6 Bd5 0-1

[Event "7th Sunway Sitges 2020"]
[Site "Sitges ESP"]
[Date "2020.12.19"]
[Round "6.43"]
[White "Cano Sevilla, Ivan"]
[Black "Rodriguez Redondo, Adhara"]
[Result "1/2-1/2"]
[BlackTitle "WFM"]
[WhiteElo "2052"]
[BlackElo "2183"]
[WhiteFideId "32043546"]
[BlackFideId "32065698"]
[EventDate "2020.12.13"]

1. e4 e5 2. Nf3 Nc6 3. Bb5 a6 4. Bxc6 dxc6 5. O-O Bg4 6. h3 Bh5 7. d3 Qf6 8. Be3
Bxf3 9. Qxf3 Qxf3 10. gxf3 O-O-O 11. Nd2 f6 12. a4 Bd6 13. Nc4 g5 14. Rfd1 Ne7
15. Kf1 Rhg8 16. Ke2 c5 17. a5 f5 18. Rg1 f4 19. Bd2 Kd7 20. Rg2 Rg6 21. Bc3 Ke6
22. Rag1 Rdg8 23. Rb1 Nc6 24. Rbg1 Nb8 25. Rb1 Nd7 26. Ra1 R6g7 27. Rag1 b5 28.
axb6 cxb6 29. Ra1 Ra8 30. Rag1 Be7 31. Bd2 b5 32. Na5 Rag8 33. Ra1 Nb8 34. c3
Rd8 35. Rag1 Bf6 36. Nb3 c4 37. dxc4 bxc4 38. Na5 Rc7 39. Ra1 Rdc8 40. Rgg1 Rc5
41. b3 cxb3 42. Nxb3 Rb5 43. Rgb1 Bd8 44. Kd3 Rb6 45. Ke2 Nd7 46. c4 Rbc6 47.
Na5 Bxa5 48. Rxa5 Rxc4 49. Rxa6+ R8c6 50. Ra8 Rc8 51. Rxc8 Rxc8 52. Ra1 Nc5 53.
Rc1 Kd7 54. Kf1 Nb3 55. Rxc8 Nxd2+ 56. Ke2 Kxc8 57. Kxd2 Kd7 58. Kc3 Kd6 59. Kb4
Kc6 60. Kc4 h5 61. Kb4 Kb6 1/2-1/2

[Event "7th Sunway Sitges 2020"]
[Site "Sitges ESP"]
[Date "2020.12.19"]
[Round "6.44"]
[White "Rodriguez Diaz, Javier"]
[Black "Eizaguerri Floris, Maria"]
[Result "1/2-1/2"]
[BlackTitle "WFM"]
[WhiteElo "2049"]
[BlackElo "2167"]
[WhiteFideId "32044186"]
[BlackFideId "32065752"]
[EventDate "2020.12.13"]

1. e4 c5 2. Nf3 e6 3. b3 d6 4. Bb2 e5 5. Bb5+ Bd7 6. Bxd7+ Qxd7 7. O-O Be7 8. c3
f5 9. d3 Nf6 10. Nbd2 O-O 11. Qe2 Nc6 12. Nc4 b5 13. Ne3 g6 14. Nd2 f4 15. Nd5
g5 16. d4 Rab8 17. dxc5 dxc5 18. c4 b4 19. Nf3 Nxd5 20. exd5 Nd4 21. Qe4 Nxf3+
22. Qxf3 Qf5 23. Rfe1 Bd6 24. Qe4 Rbe8 25. f3 h5 26. Qxf5 Rxf5 27. Re4 g4 28.
Kf2 Kf7 29. Rae1 Kf6 30. Ke2 Rg8 31. Kd3 h4 32. a3 bxa3 33. Bxa3 h3 34. fxg4
Rfg5 35. gxh3 Rh8 36. Kc2 Rxh3 37. Bb2 Rxh2+ 38. Kb1 Rf2 39. b4 cxb4 40. c5 Bxc5
41. Bxe5+ Kf7 42. Rc4 Bb6 43. Rxb4 Rxg4 44. d6 Be3 45. Rb7+ Ke6 46. Re7+ Kf5 47.
d7 Rd2 48. Bc3 Rgg2 49. Bxd2 Rxd2 50. Re2 Rd5 51. Kc2 Kg4 52. Re1 Rd2+ 53. Kc3
Rd6 54. Rb1 Kg3 55. Rb8 Bb6 56. Rg8+ Kf2 57. Rf7 f3 58. Rgf8 Ke2 59. Re7+ Kf2
60. Kc4 Kg2 61. Rg7+ Kf2 62. Rgf7 Ke2 63. Rxf3 Rxd7 64. R3f5 Rd4+ 65. Kb5 Re4
66. R8f7 Re6 67. Rf3 Re5+ 68. Kc6 Re6+ 69. Kd5 Re8 70. Rb3 Rd8+ 71. Kc6 Rd3 72.
Rxd3 Kxd3 73. Rxa7 1/2-1/2

[Event "7th Sunway Sitges 2020"]
[Site "Sitges ESP"]
[Date "2020.12.19"]
[Round "6.45"]
[White "Prats Rodriguez, Juan Bosco"]
[Black "Mitran, Anthony Cristian"]
[Result "1/2-1/2"]
[WhiteElo "2039"]
[BlackElo "2157"]
[WhiteFideId "2221411"]
[BlackFideId "240052"]
[EventDate "2020.12.13"]

1. e4 c5 2. Nc3 Nc6 3. g3 g6 4. Bg2 Bg7 5. d3 d6 6. Be3 e6 7. Qd2 Rb8 8. Nf3 Nd4
9. Bxd4 cxd4 10. Nb5 Qb6 11. Qb4 Kd7 12. e5 dxe5 13. Nd2 a5 14. Qa4 Kd8 15. Nc4
Qa6 16. Qxa5+ Qxa5+ 17. Nxa5 Bf8 18. Nc4 f6 19. O-O Bd7 20. a4 Bc6 21. f4 exf4
22. Rxf4 Bc5 23. Nbd6 Ke7 24. Ne4 e5 25. Rff1 Ba7 26. b4 Bd5 27. Ned6 Bxg2 28.
Kxg2 Nh6 29. Nb5 Ra8 30. a5 Bb8 31. Nb6 Ra6 32. c4 dxc3 33. Rfc1 Rd8 34. Rxc3
Nf5 35. Kf2 Ke6 36. Rd1 Ne7 37. d4 exd4 38. Rxd4 Rxd4 39. Nxd4+ Kf7 40. Nb3 Ba7
41. Rc7 Bxb6+ 42. axb6 Rxb6 43. Nc5 Rxb4 44. Nxb7 Rb2+ 45. Kg1 Rd2 46. Na5 Ke6
47. Nc6 Nxc6 48. Rxc6+ Kf5 49. Rc4 Re2 50. Rf4+ Ke5 51. h4 f5 52. Ra4 Rd2 53.
Rb4 Rd4 54. Rb7 f4 55. gxf4+ Kxf4 56. Kg2 Rd2+ 57. Kh3 Rd3+ 58. Kg2 h5 59. Rb4+
Ke5 60. Rb6 Rd6 61. Rxd6 Kxd6 62. Kf3 Kd5 63. Kf4 Ke6 64. Kg5 Kf7 65. Kf4 Kg8
66. Ke5 Kh7 67. Kd4 Kg8 68. Ke5 Kg7 69. Ke4 Kh6 70. Kf3 Kh7 71. Ke4 Kg7 72. Ke5
Kf7 73. Ke4 Ke6 74. Kf4 Kf6 75. Ke4 Ke6 1/2-1/2

[Event "7th Sunway Sitges 2020"]
[Site "Sitges ESP"]
[Date "2020.12.19"]
[Round "6.46"]
[White "Ezquerro Luque, Albert"]
[Black "Diaz Carrasco, Sergio"]
[Result "1/2-1/2"]
[WhiteElo "2101"]
[BlackElo "2036"]
[WhiteFideId "2276682"]
[BlackFideId "2276429"]
[EventDate "2020.12.13"]

1. e4 d5 2. Nc3 d4 3. Nce2 c5 4. d3 e5 5. f4 Nc6 6. g3 g6 7. Nf3 Bg7 8. Bg2 Nge7
9. O-O O-O 10. fxe5 Nxe5 11. Nxe5 Bxe5 12. Bh6 Bg7 13. Qd2 Nc6 14. h3 Ne5 15. a4
Be6 16. b3 Qd7 17. Kh2 a6 18. Bxg7 Kxg7 19. a5 f6 20. Nf4 Rae8 21. Qe2 Re7 22.
Rfc1 Bf7 23. Qf1 Qd6 24. Kh1 Rfe8 25. Qd1 Nc6 26. Qd2 h6 27. Rf1 Ne5 28. Rf2 Rf8
29. Rff1 g5 30. Ne2 Be6 31. Rab1 1/2-1/2

[Event "7th Sunway Sitges 2020"]
[Site "Sitges ESP"]
[Date "2020.12.19"]
[Round "6.47"]
[White "Silva, Pedro Gil Ferreira Da"]
[Black "Carroll, Peter"]
[Result "1-0"]
[BlackTitle "CM"]
[WhiteElo "2100"]
[BlackElo "2031"]
[WhiteFideId "1946102"]
[BlackFideId "2510243"]
[EventDate "2020.12.13"]

1. e4 c5 2. Nf3 d6 3. c3 Nf6 4. h3 g6 5. Bd3 Bg7 6. Bc2 O-O 7. d4 cxd4 8. cxd4
Nc6 9. Nc3 e5 10. O-O Re8 11. Bg5 h6 12. Be3 exd4 13. Nxd4 d5 14. Nxc6 bxc6 15.
exd5 Nxd5 16. Nxd5 Qxd5 17. Ba4 Qe6 18. Qc1 Ba6 19. Rd1 Rab8 20. Bb3 Qf5 21.
Qxc6 Bb7 22. Qd7 Qe4 23. Bxf7+ Kh7 24. Bd5 Bxd5 25. Qxd5 Rb7 26. Qxe4 Rxe4 27.
Rab1 g5 28. b3 Re6 29. Rd2 Kg6 30. Rbd1 Be5 31. Rd7 Rxd7 32. Rxd7 a6 33. Rb7 a5
34. Kf1 h5 35. Rb6 Rxb6 36. Bxb6 Bc3 37. g4 h4 38. Ke2 Kf6 39. Bd8+ Kg6 40. Kd3
Be1 41. Kc4 Bxf2 42. Bxa5 Be3 43. Kd3 Bc1 44. Ke4 Kf6 45. Bd8+ Ke6 46. a4 1-0

[Event "7th Sunway Sitges 2020"]
[Site "Sitges ESP"]
[Date "2020.12.19"]
[Round "6.48"]
[White "Ribera Veganzones, Serni"]
[Black "Llopis de Aysa, Manuel"]
[Result "0-1"]
[BlackTitle "CM"]
[WhiteElo "1926"]
[BlackElo "2093"]
[WhiteFideId "6900860"]
[BlackFideId "2203162"]
[EventDate "2020.12.13"]

1. e4 g6 2. d4 Bg7 3. Nc3 c6 4. Nf3 d6 5. a4 Nf6 6. Be2 O-O 7. O-O Qc7 8. Be3 e5
9. dxe5 dxe5 10. Nd2 Rd8 11. f3 Nh5 12. a5 Qe7 13. Qe1 Nf4 14. Kh1 Ne6 15. Na4
Nd4 16. Bd1 b5 17. axb6 axb6 18. c3 b5 19. cxd4 exd4 20. Bf2 bxa4 21. Bxa4 Qb4
22. b3 Ba6 23. Nc4 Qxe1 24. Rfxe1 d3 25. Ra2 Bxc4 26. bxc4 d2 27. Rd1 Bc3 28.
Be3 Rd3 29. Bf4 Nd7 30. Kg1 Nc5 31. Bb3 Rxa2 32. Bxa2 Na4 33. Kf1 Nb2 34. Ke2
Nxd1 35. Kxd1 Bb4 36. Bb1 Rd4 37. Bc2 Kf8 38. Bb3 Ke7 39. Ke2 Kd8 40. Be3 Rd7
41. Bc2 Kc7 42. Bb3 h5 43. Bc2 Kb7 44. Bb3 Ka6 45. Bc2 Ka5 46. h3 Bc3 47. Bc5
d1=Q+ 48. Bxd1 Rd2+ 0-1

[Event "7th Sunway Sitges 2020"]
[Site "Sitges ESP"]
[Date "2020.12.19"]
[Round "6.49"]
[White "Catarineu Morales, Alex"]
[Black "Millaret Lores, Francesc"]
[Result "1-0"]
[WhiteElo "1992"]
[BlackElo "2073"]
[WhiteFideId "22220534"]
[BlackFideId "2272741"]
[EventDate "2020.12.13"]

1. e4 c5 2. d4 cxd4 3. c3 d3 4. Bxd3 Nc6 5. Qe2 d6 6. c4 g6 7. h3 Bg7 8. Nf3 Nf6
9. Nc3 Nd7 10. Be3 O-O 11. O-O Nde5 12. Rac1 Be6 13. b3 Nxf3+ 14. Qxf3 Qa5 15.
Na4 Rfc8 16. Qd1 Ne5 17. Be2 Bd7 18. Bd2 Qd8 19. Nc3 a6 20. f4 Nc6 21. Be3 b5
22. Qd2 b4 23. Na4 Rcb8 24. c5 dxc5 25. Rxc5 e5 26. Rd5 Nd4 27. Bc4 Qe8 28. fxe5
Bxa4 29. Rxd4 Bc6 30. Bxf7+ Qxf7 31. Rxf7 Kxf7 32. Rc4 Rd8 33. Qf2+ 1-0

[Event "7th Sunway Sitges 2020"]
[Site "Sitges ESP"]
[Date "2020.12.19"]
[Round "6.50"]
[White "Luque Saiz, Andres"]
[Black "Mayrhuber, Nikola"]
[Result "0-1"]
[BlackTitle "WFM"]
[WhiteElo "2069"]
[BlackElo "1998"]
[WhiteFideId "24510793"]
[BlackFideId "1637819"]
[EventDate "2020.12.13"]

1. e4 e6 2. d4 d5 3. Nd2 c5 4. Ngf3 Nc6 5. exd5 exd5 6. Bb5 Qe7+ 7. Be2 Qc7 8.
O-O Nf6 9. Re1 Be6 10. Bd3 Be7 11. dxc5 Bxc5 12. Nb3 Bb6 13. c3 O-O 14. Be3 Rae8
15. h3 Bxe3 16. Rxe3 Bd7 17. Rxe8 Rxe8 18. Bc2 h6 19. Qd2 Ne5 20. Nxe5 Rxe5 21.
Rd1 Rg5 22. f4 Rg3 23. Kh2 Nh5 24. Rf1 Bxh3 25. Qxd5 Bxg2 26. Re1 Qc8 27. Qf5
Qxf5 28. Re8+ Kh7 29. Bxf5+ g6 30. Be4 Bxe4 31. Rxe4 Rg4 32. Re7 Kg7 33. Rxb7
Nxf4 34. Nd4 h5 35. a4 h4 36. Kh1 h3 37. a5 Nd3 38. Ne6+ Kf6 39. Kh2 Nf2 0-1

[Event "7th Sunway Sitges 2020"]
[Site "Sitges ESP"]
[Date "2020.12.19"]
[Round "6.51"]
[White "Sanleon Pravisano, Nieves"]
[Black "Toncheva, Nadya"]
[Result "1/2-1/2"]
[BlackTitle "WFM"]
[WhiteElo "1847"]
[BlackElo "2321"]
[WhiteFideId "32088590"]
[BlackFideId "2924056"]
[EventDate "2020.12.13"]

1. d4 d5 2. c4 dxc4 3. Nf3 Nf6 4. e3 e6 5. Bxc4 a6 6. O-O b5 7. Bd3 Bb7 8. Qe2
Nbd7 9. a4 b4 10. Nbd2 c5 11. e4 cxd4 12. e5 Nd5 13. Nb3 Nc5 14. Nfxd4 Nxd3 15.
Qxd3 Be7 16. Qg3 O-O 17. Bh6 g6 18. Bxf8 Bxf8 19. Rac1 a5 20. Nb5 Qb6 21. Qh4
Ba6 22. N3d4 Be7 23. Qh6 Bc5 24. Rxc5 Qxc5 25. Rc1 Qf8 26. Qg5 h6 27. Qg3 Rc8
28. Re1 Bxb5 29. axb5 Kh7 30. h4 Rc4 31. Nc6 a4 32. h5 Nf4 33. hxg6+ fxg6 34.
Qe3 h5 35. g3 Nd5 36. Qa7+ Kh6 37. Nd8 Qc5 38. Qxc5 Rxc5 39. Nxe6 Rxb5 40. Nd4
Rb6 41. e6 Ne7 42. Ra1 Rd6 43. Nc2 b3 44. Ne3 Rd4 45. Kg2 Kg7 46. Rd1 Rxd1 47.
Nxd1 Nd5 48. Kf3 Nb6 49. Nc3 Kf6 50. g4 Kxe6 51. Kg3 Ke5 52. f4+ Kf6 53. Kh4 Ke6
54. Kg5 hxg4 55. Kxg4 Kf6 56. Kg3 Kf5 57. Kf3 Kf6 58. Kg4 1/2-1/2

[Event "7th Sunway Sitges 2020"]
[Site "Sitges ESP"]
[Date "2020.12.19"]
[Round "6.52"]
[White "Odnorozhenko, Evgenyi"]
[Black "Garcia De Blas, Esteban"]
[Result "1-0"]
[WhiteTitle "IM"]
[WhiteElo "2170"]
[BlackElo "1994"]
[WhiteFideId "14116588"]
[BlackFideId "2229919"]
[EventDate "2020.12.13"]

1. d4 Nf6 2. Nf3 e6 3. e3 b6 4. Bd3 Bb7 5. O-O d6 6. c4 Nbd7 7. Nc3 Be7 8. e4 e5
9. d5 O-O 10. Rb1 a5 11. Re1 Nc5 12. Bc2 Bc8 13. h3 h6 14. a3 Nh7 15. b4 Nb7 16.
Na4 axb4 17. axb4 Bd7 18. Nc3 Qc8 19. Ba4 Bxa4 20. Nxa4 f5 21. Nc3 f4 22. Bd2 g5
23. Nh2 Nf6 24. Ng4 Kg7 25. Nxf6 Bxf6 26. Qg4 c6 27. Ra1 Qxg4 28. hxg4 c5 29.
Nb5 cxb4 30. Bxb4 Nc5 31. Bxc5 dxc5 32. Nc7 Rxa1 33. Rxa1 Rf7 34. Nb5 Kg6 35.
Ra8 Rd7 36. Ra7 Rd8 37. Rb7 Ra8 38. Rxb6 Ra1+ 39. Kh2 h5 40. gxh5+ Kxh5 41. Rxf6 1-0

[Event "7th Sunway Sitges 2020"]
[Site "Sitges ESP"]
[Date "2020.12.19"]
[Round "6.53"]
[White "Hapala, Elisabeth"]
[Black "Follana Albelda, Lucia"]
[Result "1-0"]
[WhiteTitle "WFM"]
[WhiteElo "2154"]
[BlackElo "1884"]
[WhiteFideId "1622080"]
[BlackFideId "24516937"]
[EventDate "2020.12.13"]

1. e4 c5 2. Nf3 d6 3. d4 cxd4 4. Nxd4 Nf6 5. Nc3 a6 6. h3 e5 7. Nb3 Be7 8. g4 h6
9. Be3 Be6 10. Qf3 Nbd7 11. O-O-O Rc8 12. Nd5 Bxd5 13. exd5 Qc7 14. c3 b5 15.
Kb1 Nb6 16. h4 Nc4 17. Bc1 a5 18. g5 hxg5 19. hxg5 Nh7 20. g6 fxg6 21. Qg4 a4
22. Qxg6+ Kd8 23. Rxh7 Rxh7 24. Qxh7 Bf6 25. Qg8+ Ke7 26. Qe6+ Kd8 27. Bxc4 Qxc4
28. Qxd6+ Ke8 29. Qe6+ Kd8 30. Na5 Qe4+ 31. Ka1 Qc2 32. Rh1 Rxc3 33. Rh8+ Kc7
34. Rc8# 1-0

[Event "7th Sunway Sitges 2020"]
[Site "Sitges ESP"]
[Date "2020.12.19"]
[Round "6.55"]
[White "Roque, Gaetan"]
[Black "Romeu Viladot, Emili"]
[Result "1-0"]
[WhiteElo "2132"]
[BlackElo "1688"]
[WhiteFideId "20666934"]
[BlackFideId "24586080"]
[EventDate "2020.12.13"]

1. d4 Nf6 2. c4 e6 3. Nf3 Bb4+ 4. Nbd2 b6 5. g3 Bb7 6. Bg2 O-O 7. O-O c5 8. a3
Bxd2 9. Qxd2 Ne4 10. Qc2 d5 11. cxd5 Bxd5 12. dxc5 bxc5 13. Nd2 Nxd2 14. Bxd2
Bxg2 15. Kxg2 Qd5+ 16. e4 Qc6 17. Rac1 Nd7 18. b4 f5 19. Rfe1 Rac8 20. f3 c4 21.
exf5 Rxf5 22. Qe4 Ne5 23. Qxc6 Rxc6 24. g4 Nxf3 25. gxf5 Nxd2 26. Rc2 Nb3 27.
Rxe6 Rc8 28. Re4 c3 29. Re3 Nd4 30. Rcxc3 Rf8 31. Re7 Nxf5 32. Rxa7 Re8 33. b5
Re2+ 34. Kf1 Rb2 35. Rc8# 1-0

[Event "7th Sunway Sitges 2020"]
[Site "Sitges ESP"]
[Date "2020.12.19"]
[Round "6.56"]
[White "Ruiz Buendia, Miguel"]
[Black "Ruperez, Miguel"]
[Result "0-1"]
[WhiteElo "2039"]
[BlackElo "2124"]
[WhiteFideId "24537675"]
[BlackFideId "115177"]
[EventDate "2020.12.13"]

1. e4 c5 2. Nf3 e6 3. d4 cxd4 4. Nxd4 Nc6 5. Nc3 Qc7 6. Be3 a6 7. Qf3 Nf6 8.
O-O-O Rb8 9. Qg3 Qxg3 10. hxg3 Ng4 11. Nxc6 bxc6 12. Ba7 Rb7 13. Be2 Rxa7 14.
Bxg4 Bb4 15. Na4 a5 16. a3 Be7 17. e5 Ba6 18. Rd2 Rb7 19. Nc3 f6 20. Bh5+ Kd8
21. exf6 Bxf6 22. Na4 Be7 23. Rhd1 Bb5 24. Nc3 Bf6 25. Nxb5 cxb5 26. f4 Ke7 27.
Bf3 Rc7 28. Rd6 Rb8 29. Kb1 Ra7 30. R1d2 h6 31. Be4 b4 32. a4 Bc3 33. R2d3 Be1
34. g4 Bg3 35. Rxe6+ dxe6 36. Rxg3 Rd7 37. Re3 Kf6 38. g3 Rd4 39. Ka2 Rc8 40.
Kb3 Ke7 41. Bg6 Rc5 42. Be4 g5 43. Bf5 Rd6 44. Re2 Kf6 45. Bd3 Rd4 46. Rh2 gxf4
47. gxf4 Rxf4 48. Rxh6+ Ke7 49. Rg6 Kf7 50. g5 Rf3 51. Ka2 b3+ 0-1